000 00605nam a2200181Ia 4500
003 IN-BaIIA
008 211028s9999 xx 000 0 eng d
040 _cIIA Library
080 _a523
_bPHY
245 0 _aPhysics of the solar system
_cedited by Mikhailov A. A.
260 _aJerusalem
_bIsrael Program for Scientific Translations
_c1966
300 _av, 398p.
490 _aA course in astrophysics and stellar astronomy; v. 3
650 _aAstronomy and Astrophysics Thesaurus
650 _aSolar system
700 _aMikhailov, A. A., ed.
_95515
942 _cBK
999 _c3103
_d3103